000 00434nam a2200157Ia 4500
008 230711s9999||||xx |||||||||||||| ||und||
041 _aENG
082 _a621
_bDR-O
100 _aDriscoll,Frederick F.
245 0 _aOperational amplifiers and linear ICS
250 _a1st Ed.
260 _c1989
_aNew Delhi
_bPrentice-Hall of India Private Limited
650 _aElectronics Engineering
700 _aCoughlin,Robert F.
942 _cBK
999 _c1335
_d1335